Fungovanie bankových a finančných konsolidovaných a subkonsolidovaných celkov v podmienkach Európskej únie aureferát dizertačnej práce

Salvato in:
Dettagli Bibliografici
Autore principale: Makúch, Miroslav, 1981-
Ente Autore: Vedecká rada Národohospodárskej fakulty EU v Bratislave
Altri autori: Horvátová, Eva, 1958-
Natura: Libro
Lingua:slovacco
Pubblicazione: Bratislava 2007
Soggetti:
Tags: Aggiungi Tag
Nessun Tag, puoi essere il primo ad aggiungerne!!

MARC

LEADER 00000nam$a2200000$$$4500
001 0070617
005 20221221130119.8
041 0 |a slo 
044 |a SK 
245 1 0 |a Fungovanie bankových a finančných konsolidovaných a subkonsolidovaných celkov v podmienkach Európskej únie  |b aureferát dizertačnej práce  |c Miroslav Makúch ; škol. Eva Horvátová 
264 1 |a Bratislava  |c 2007 
300 |a 17 s. 
610 2 0 |a banky 
610 2 0 |a financie 
610 2 0 |a Európska únia 
100 1 |a Makúch, Miroslav, 1981- 
700 1 |a Horvátová, Eva, 1958- 
710 2 |a Vedecká rada Národohospodárskej fakulty EU v Bratislave